Statistics for Top Countries by GDP

Click here to take the quiz!

General Stats

  • This quiz has been taken 27 times
  • The average score is 14 of 15

Answer Stats

RankGDP US$millionCountry% Correct
211,218,281China
100%
62,465,453France
100%
43,477,796Germany
100%
34,936,211Japan
100%
141,237,255Spain
100%
118,624,475United States
100%
91,795,925Brazil
96%
101,529,760Canada
96%
81,858,913Italy
96%
151,076,914Mexico
96%
52,647,898United Kingdom
96%
72,259,642India
93%
131,246,015Russia
93%
121,304,463Australia
89%
111,411,245South Korea
81%

Score Distribution

Percentile by Number Answered

Percent of People with Each Score

Your Score History

You have not taken this quiz